The politics of state formation and destruction in Uganda / (Record no. 3371)

MARC details
000 -LEADER
fixed length control field 01113nam a2200325 a 4500
001 - CONTROL NUMBER
control field 1178610
003 - CONTROL NUMBER IDENTIFIER
control field OSt
005 - DATE AND TIME OF LATEST TRANSACTION
control field 20160331163040.0
008 - FIXED-LENGTH DATA ELEMENTS--GENERAL INFORMATION
fixed length control field 961114s1995 ug ab b 001 0 eng
010 ## - LIBRARY OF CONGRESS CONTROL NUMBER
LC control number 96980775
020 ## - INTERNATIONAL STANDARD BOOK NUMBER
International Standard Book Number 9970020269
020 ## - INTERNATIONAL STANDARD BOOK NUMBER
Canceled/invalid ISBN 9970020358
040 ## - CATALOGING SOURCE
Original cataloging agency DLC
Transcribing agency DLC
042 ## - AUTHENTICATION CODE
Authentication code lcode
043 ## - GEOGRAPHIC AREA CODE
Geographic area code f-ug---
050 00 - LIBRARY OF CONGRESS CALL NUMBER
Classification number JQ2951.A58
Item number K33 1995
082 00 - DEWEY DECIMAL CLASSIFICATION NUMBER
Classification number 320.1
Edition number 21
Item number KAB 1995
100 1# - MAIN ENTRY--PERSONAL NAME
Personal name Kabwegyere, Tarsis B.
9 (RLIN) 7547
245 14 - TITLE STATEMENT
Title The politics of state formation and destruction in Uganda /
Statement of responsibility, etc. Tarsis B. Kabwegyere.
250 ## - EDITION STATEMENT
Edition statement Rev., expanded ed.
260 ## - PUBLICATION, DISTRIBUTION, ETC. (IMPRINT)
Place of publication, distribution, etc. Kampala, Uganda :
Name of publisher, distributor, etc. Fountain Publishers,
Date of publication, distribution, etc. 1995.
300 ## - PHYSICAL DESCRIPTION
Extent v, 259 p. :
Other physical details ill., maps ;
Dimensions 21 cm.
504 ## - BIBLIOGRAPHY, ETC. NOTE
Bibliography, etc Includes bibliographical references (p. 250-255) and index.
650 #0 - SUBJECT ADDED ENTRY--TOPICAL TERM
Topical term or geographic name as entry element Constitutional history
Geographic subdivision Uganda.
9 (RLIN) 7548
651 #0 - SUBJECT ADDED ENTRY--GEOGRAPHIC NAME
Geographic name Uganda
General subdivision Politics and government.
9 (RLIN) 7549
651 #0 - SUBJECT ADDED ENTRY--GEOGRAPHIC NAME
Geographic name Uganda
General subdivision Colonial influence.
9 (RLIN) 7550
906 ## - LOCAL DATA ELEMENT F, LDF (RLIN)
a 7
b cbc
c origode
d 2
e ncip
f 19
g y-gencatlg
942 ## - ADDED ENTRY ELEMENTS (KOHA)
Source of classification or shelving scheme Dewey Decimal Classification
Koha item type Short Loan
Holdings
Withdrawn status Lost status Source of classification or shelving scheme Damaged status Not for loan Home library Current library Date acquired Inventory number Total Checkouts Full call number Barcode Date last seen Price effective from Koha item type
    Dewey Decimal Classification     MUST Main Library MUST Main Library 31/03/2016 2004/20321   320.1 KAB 1995 2016-0580 31/03/2016 31/03/2016 Short Loan
    Dewey Decimal Classification     MUST Main Library MUST Main Library 08/04/2016 2004/20822   320.1 KAB 1995 2016-0657 08/04/2016 08/04/2016 Short Loan
    Dewey Decimal Classification     MUST Main Library MUST Main Library 14/04/2016 2003/19953   320.1 KAB 1995 2016-0881 14/04/2016 14/04/2016 Short Loan
    Dewey Decimal Classification     MUST Main Library MUST Main Library 13/05/2016 2004/21789   320.1 KAB 1995 2016-1848 13/05/2016 13/05/2016 Short Loan